Normal view
MARC view
- Differential equations -- Numerical solutions
Entry Topical Term
001 - CONTROL NUMBER
- control field: 4712
003 - CONTROL NUMBER IDENTIFIER
- control field: JO-AjAnu
005 - DATE AND TIME OF LATEST TRANSACTION
- control field: 20230606071052.0
008 - FIXED-LENGTH DATA ELEMENTS
- fixed length control field: 230606|| aca||aabn | a|a d
040 ## - CATALOGING SOURCE
- Original cataloging agency: JO-AjAnu
- Transcribing agency: JO-AjAnu
150 ## - HEADING--TOPICAL TERM
- Topical term or geographic name entry element: Differential equations -- Numerical solutions
670 ## - SOURCE DATA FOUND
- Source citation: Work cat.: (JO-AjAnu)2439: jain.m.k, author 4711, Numerical Solution of Differential Equations